000 00873nam a2200313Ia 4500
003 GCL
008 140319s9999 xx 000 0 ara d
040 _aGCL /
_cGCL
082 0 4 _aط
_b507
_bو ر
100 1 _aوفاء اشرف
245 1 0 _aرحلة فى العالم /
_cوفاء اشرف
490 _aالهيئة العامة للاستعلامات
_v0
650 0 4 _aالسيارات
650 0 4 _aالراديو
650 0 4 _aالتعليم
650 0 4 _aالاطفال
650 0 4 _aالحاسبات الالكترونية
650 0 4 _aالمعادن
650 0 4 _aالتليفزيون
650 0 4 _aالبترول
650 0 4 _aالعلوم
650 0 4 _aالطاقة
650 0 4 _aالقطارات
650 0 4 _aسفن الفضاء
650 0 4 _aالطائرات
650 0 4 _aالسفن
650 0 4 _aالصاروخ
942 _2ddc
_cBK
999 _c51465
_d51465